Economic and social context of Slovakia's integration into the EU summary
Enregistré dans:
| Auteur principal: | |
|---|---|
| Format: | Livre |
| Langue: | anglais |
| Publié: |
Bratislava
Institute of Slovak and World Economy SAS
2003
|
| Sujets: | |
| Tags: |
Pas de tags, Soyez le premier à ajouter un tag!
|
MARC
| LEADER | 00000nam$a2200000$$$4500 | ||
|---|---|---|---|
| 001 | 0009318 | ||
| 005 | 20221014084305.8 | ||
| 020 | |a 80-7144-133-3 | ||
| 041 | 0 | |a eng | |
| 044 | |a SK | ||
| 245 | 1 | 0 | |a Economic and social context of Slovakia's integration into the EU |b summary |c [head of the authors' collective: Milan Šikula] |
| 264 | 1 | |a Bratislava |b Institute of Slovak and World Economy SAS |c 2003 | |
| 300 | |a 47 s. | ||
| 610 | 2 | 0 | |a integrácia ekonomická medzinárodná |
| 610 | 2 | 0 | |a podmienky sociálne |
| 610 | 2 | 0 | |a politika hospodárska |
| 610 | 2 | 0 | |a politika regionálna |
| 610 | 2 | 0 | |a podnikanie |
| 610 | 2 | 0 | |a obchod zahraničný |
| 610 | 2 | 0 | |a investície priame zahraničné |
| 610 | 2 | 0 | |a trh práce |
| 610 | 2 | 0 | |a poľnohospodárstvo |
| 610 | 2 | 0 | |a Slovensko |
| 610 | 2 | 0 | |a Európska únia |
| 100 | 1 | |a Šikula, Milan | |